Relevance of educational thoughts of J. Krishnamurti and John Dewey in the context of present Indian educational system (Record no. 125572)

MARC details
000 -LEADER
fixed length control field 00412nam a2200145Ia 4500
008 - FIXED-LENGTH DATA ELEMENTS--GENERAL INFORMATION
fixed length control field 230917s9999||||xx |||||||||||||| ||und||
040 ## - CATALOGING SOURCE
-- 204822
Original cataloging agency VIVEKANANDA LIBRARY
041 ## - Language
-- English
082 ## - DDC NUMBER
Classification number 373 S83R
100 ## - MAIN ENTRY--PERSONAL NAME
Personal name Satender
245 #0 - TITLE STATEMENT
Title Relevance of educational thoughts of J. Krishnamurti and John Dewey in the context of present Indian educational system
260 ## - PUBLICATION, DISTRIBUTION, ETC. (IMPRINT)
Date of publication, distribution, etc 2011
300 ## - PHYSICAL DESCRIPTION
Pages 193 p.
942 ## - ADDED ENTRY ELEMENTS (KOHA)
Koha item type Thesis
Holdings
Withdrawn status Lost status Damaged status Not for loan Location (home branch) Sublocation or collection (holding branch) Date acquired Koha issues (times borrowed) Koha full call number Accession No. Koha date last seen Koha item type
        VIVEKANANDA LIBRARY VIVEKANANDA LIBRARY 17/01/2013   373 S83R 221525 17/09/2023 Thesis
© Designed and Maintained by Vivekananda Library, MDU Rohtak